<?xml version="1.0" encoding="UTF-8"?>
<record
    xmlns:xsi="http://www.w3.org/2001/XMLSchema-instance"
    xsi:schemaLocation="http://www.loc.gov/MARC21/slim http://www.loc.gov/standards/marcxml/schema/MARC21slim.xsd"
    xmlns="http://www.loc.gov/MARC21/slim">

  <leader>00725cam a22002171  4500</leader>
  <controlfield tag="001">sa 67000358 </controlfield>
  <controlfield tag="003">DLC</controlfield>
  <controlfield tag="005">20260227112314.0</controlfield>
  <controlfield tag="008">890514s1957    io            000 0 ind  </controlfield>
  <datafield tag="010" ind1=" " ind2=" ">
    <subfield code="a">sa 67000358 </subfield>
  </datafield>
  <datafield tag="035" ind1=" " ind2=" ">
    <subfield code="a">(OCoLC)23544801</subfield>
  </datafield>
  <datafield tag="040" ind1=" " ind2=" ">
    <subfield code="a">DLC</subfield>
    <subfield code="c">MiU</subfield>
    <subfield code="d">DLC</subfield>
  </datafield>
  <datafield tag="042" ind1=" " ind2=" ">
    <subfield code="a">premarc</subfield>
  </datafield>
  <datafield tag="050" ind1="0" ind2="0">
    <subfield code="a">BP184.9.B5</subfield>
    <subfield code="b">I53</subfield>
  </datafield>
  <datafield tag="110" ind1="1" ind2=" ">
    <subfield code="a">Indonesia.</subfield>
    <subfield code="b">Madjelis Pertimbangan Kesehatan dan Sjara&#x2BB;.</subfield>
  </datafield>
  <datafield tag="245" ind1="1" ind2="0">
    <subfield code="a">Soal pemindahan darah: ditindjau dari segi ilmu kedokteran dan hukum agama.</subfield>
  </datafield>
  <datafield tag="260" ind1=" " ind2=" ">
    <subfield code="a">[Djakarta]</subfield>
    <subfield code="b">Djambatan,</subfield>
    <subfield code="c">1957.</subfield>
  </datafield>
  <datafield tag="300" ind1=" " ind2=" ">
    <subfield code="a">45 p.</subfield>
    <subfield code="c">20 cm.</subfield>
  </datafield>
  <datafield tag="650" ind1=" " ind2="0">
    <subfield code="a">Blood</subfield>
    <subfield code="x">Transfusion</subfield>
    <subfield code="x">Moral and ethical aspects.</subfield>
  </datafield>
  <datafield tag="810" ind1="1" ind2=" ">
    <subfield code="a">Indonesia.</subfield>
    <subfield code="b">Madjelis Pertimbangan Kesehatan dan Sjara&#x2BB;.</subfield>
    <subfield code="t">Fatwa ;</subfield>
    <subfield code="v">1956, no. 6.</subfield>
  </datafield>
  <datafield tag="999" ind1=" " ind2=" ">
    <subfield code="c">71934</subfield>
    <subfield code="d">71934</subfield>
  </datafield>
</record>
